Redes y derecho a la ciudad en Medellín, Colombia /

Wedi'i Gadw mewn:
Manylion Llyfryddiaeth
Prif Awdur: Murcia, Jonathan Alejandro
Awduron Eraill: Granada Vahos, James Gilberto
Fformat: Llyfr
Iaith:Spanish
Tagiau: Ychwanegu Tag
Dim Tagiau, Byddwch y cyntaf i dagio'r cofnod hwn!

MARC

LEADER 00000nam a22000007a 4500
003 cru CIDCACS/IIS
005 20180118062532.0
007 ta
008 180117s sp |||p|r||||||0| ||spa|d
999 |c 40824  |d 40824 
040 |c cru CIDCACS/IIS 
100 1 |9 6393  |a Murcia, Jonathan Alejandro 
245 1 |a Redes y derecho a la ciudad en Medellín, Colombia /  |c Jonathan Alejandro Murcia, James Gilberto Granada Vahos 
300 |a página 40 
700 1 |9 6394  |a Granada Vahos, James Gilberto 
773 0 |0 19267  |9 1740  |a Centro de Estudios sobre Refugiados  |d Universidad de Oxford ; Centro de Estudios sobre Refugiados  |o 19015  |t Migraciones Forzadas:   |x 14609819 
942 |2 ddc  |c PP